Rekordy świata w Speedcubingu - Statystyki

Ogólne statystyki
  • Ten quiz został rozwiązany 42 razy
    30 od ostatniego zresetowania
  • Średni wynik to 19 z 33
Statystyki odpowiedzi
Hint Czas Narodowość Odpowiedź % Poprawnych
3x3 3.13 Stany Zjednoczone Max Park
100%
4x4 15.83 Stany Zjednoczone Max Park
100%
ŚREDNIA 4x4 19.38 Stany Zjednoczone Max Park
100%
5x5 32.52 Stany Zjednoczone Max Park
100%
ŚREDNIA 5x5 35.94 Stany Zjednoczone Max Park
100%
6x6 59.74 Stany Zjednoczone Max Park
100%
7x7 1:35.68 Stany Zjednoczone Max Park
100%
ŚREDNIA 7x7 1:39.68 Stany Zjednoczone Max Park
100%
3x3 OH 6.20 Stany Zjednoczone Max Park
100%
ŚREDNIA 3x3 OH 8.62 Stany Zjednoczone Max Park
100%
ŚREDNIA 3x3 4.48 Chiny Yiheng Wang
92%
2x2 0.43 Polska Teodor Zajder
84%
ŚREDNIA CLOCK 2.52 Polska Eryk Kasperek
64%
MEGAMINX 23.18 Argentyna Leandro Martín López
44%
ŚREDNIA MEGAMINX 26.84 Argentyna Leandro Martín López
44%
ŚREDNIA 3x3 BLD 14.15 Stany Zjednoczone Tommy Cherry
44%
ŚREDNIA 2x2 0.92 Stany Zjednoczone Zayn Khanani
44%
SQUARE-1 3.41 Stany Zjednoczone Ryan Pilat
40%
4x4 BLD 51.96 Stany Zjednoczone Stanley Chapel
40%
ŚREDNIA 4x4 BLD 1:06.46 Stany Zjednoczone Stanley Chapel
40%
5x5 BLD 2:04.41 Stany Zjednoczone Stanley Chapel
40%
ŚREDNIA 5x5 BLD 2:27.63 Stany Zjednoczone Stanley Chapel
40%
SKEWB 0.75 Stany Zjednoczone Carter Kucala
36%
ŚREDNIA SKEWB 1.53 Stany Zjednoczone Carter Kucala
36%
ŚREDNIA SQUARE-1 4.91 Stany Zjednoczone Max Siauw
36%
ŚREDNIA 6x6 1:06.46 Republika Korei Seung Hyuk Nahm
36%
CLOCK 2.31 Polska Eryk Kasperek
28%
3x3 MULTIBLD 62/65 57:47 Stany Zjednoczone Graham Siggins
28%
3x3 FM 16 Włochy Sebastiano Tronto
28%
PYRAMINX 0.73 Stany Zjednoczone Simon Kellum
24%
3x3 BLD 12.00 Australia Tommy Cherry
12%
ŚREDNIA 3x3 FM 20.00 Singapur Wong Chong Wen
12%
ŚREDNIA PYRAMINX 1.43 Chiny Lingkun Jiang
4%
Nie znaleziono quizów pasujących do podanych kryteriów
Rozkład punktacji
Procent ludzi z każdym wynikiem
Percentyl według liczby udzielonych odpowiedzi
Twoja historia wyników
Nie rozwiązałeś tego quizu od ostatniego zresetowania